|
|
|
|
| LEADER |
00000nam a2200000Ii 4500 |
| 001 |
DIGANAGRA0273 |
| 003 |
NyNyDIG |
| 006 |
m o d |
| 007 |
cr ||||||||||| |
| 008 |
210820s2013 sp o 000 f spa d |
| 035 |
|
|
|a (OCoLC)1282639957
|
| 040 |
|
|
|a DGITA
|b eng
|e rda
|e pn
|c DGITA
|
| 041 |
1 |
|
|a spa
|h eng
|
| 020 |
|
|
|a 9788433934482
|q eBook
|q ePub
|
| 020 |
|
|
|z 9788433963611
|
| 050 |
1 |
4 |
|a PS3558.U813 ebook
|
| 082 |
0 |
4 |
|a 814.6
|
| 100 |
1 |
|
|a Hustvedt, Siri,
|e author.
|
| 240 |
1 |
0 |
|a Living, thinking, looking.
|l Spanish
|s (Ceriani)
|
| 245 |
1 |
0 |
|a Vivir, pensar, mirar /
|c Siri Hustvedt ; traducción, Cecilia Ceriani.
|
| 250 |
|
|
|a Edición en formato digital.
|
| 264 |
|
1 |
|a Barcelona :
|b Editorial Anagrama,
|c [2013]
|
| 300 |
|
|
|a 1 online resource.
|
| 336 |
|
|
|a text
|b txt
|2 rdacontent
|
| 337 |
|
|
|a computer
|b c
|2 rdamedia
|
| 338 |
|
|
|a online resource
|b cr
|2 rdacarrier
|
| 347 |
|
|
|a text file
|2 rdaft
|
| 347 |
|
|
|b EPUB
|
| 490 |
1 |
|
|a Panorama de narrativas
|
| 588 |
0 |
|
|a Online resource; title from ePub title page (Digitalia, viewed August 20, 2021)
|
| 655 |
|
7 |
|a Fiction.
|2 lcgft
|
| 655 |
|
0 |
|a Electronic books.
|
| 700 |
1 |
|
|a Ceriani, Cecilia,
|e translator.
|
| 700 |
1 |
|
|i Translation of:
|a Hustvedt, Siri.
|t Living, thinking, looking.
|
| 776 |
0 |
8 |
|i Print version:
|a Hustvedt, Siri.
|s Living, thinking, looking. Spanish (Ceriani).
|t Vivir, pensar, mirar.
|d Barcelona : Editorial Anagrama, 2011
|z 9788433963611
|
| 791 |
2 |
|
|a Digitalia (Firm),
|e distributor.
|
| 793 |
0 |
|
|g Digitalia eBook Collection:
|a Anagrama
|
| 830 |
|
0 |
|a Panorama de narrativas ;
|v 249.
|
| 856 |
4 |
0 |
|3 Digitalia Hispánica
|u https://www.digitaliapublishing.com/a/32465/
|
| 910 |
|
|
|a Premium Collection: 2021
|